| 000 | 00323nam a22001217a 4500 | ||
|---|---|---|---|
| 008 | 180420b xxu||||| |||| 00| 0 eng d | ||
| 041 | _aeng | ||
| 080 | _a043.3 | ||
| 100 | _a0 | ||
| 101 | _aSHP-BA | ||
| 245 |
_aRoli i Organizatave Nderqeveritare ne Lidhje me Shtetin dhe Sistemin Nderkombtar _cSadiku, S |
||
| 942 |
_2udc _cBK |
||
| 999 |
_c45344 _d45344 |
||